000 00875nam a2200241 a 4500
005 20200104041748.0
008 140221b1992 ck ||||| |||| 00| 0 eng d
040 _aCO-BoIAVH
_cCO-BoIAVH
041 _aeng
_hspa
044 _ack
082 _a333.78
_bI38g1
110 1 _bInstituto Nacional de los Recursos Naturales Renovables y del Medio Ambiente INDERENA
245 1 2 _aA guide to the National Natural Parks system of Colombia
246 _aGuía del Sistema de Parques Nacionales de Colombia
250 _aSegunda edición
260 _aBogotá :
_bINDERENA,
_c1992.
300 _a198 páginas :
_bilustraciones a color, mapas y fotografías ;
_c23 x 14 cm.
504 _aIncluye referencias bibliográficas.
650 6 _aParques Nacionales Naturales
_zColombia
650 6 _aÁreas protegidas
662 _aColombia
942 _cLIBRO
_2ddc
999 _c18861
_d18861